| Tag |
First Indicator |
Second Indicator |
Subfields |
| LEADER |
00000cam a22000001a 4500 |
| 001 |
in00003671249 |
| 006 |
m o d f |
| 007 |
cr bn mmmapmmp |
| 008 |
030605s1921 dcu o f000 0 eng d |
| 005 |
20260611133104.7 |
| 035 |
|
|
|a ebd191000299
|
| 040 |
|
|
|a UMI
|c UMI
|d UtOrBLW
|
| 086 |
0 |
|
|a SI 1.7:v.72/[art.11]
|
| 099 |
|
|
|a SI1.7-72.11
|
| 245 |
0 |
0 |
|a Echinoderms as aberrant arthropods.
|
| 264 |
|
1 |
|a Washington, D.C. :
|b [publisher not identified],
|c 1921.
|
| 300 |
|
|
|a 1 online resource (20 pages)
|
| 336 |
|
|
|a text
|b txt
|2 rdacontent
|
| 337 |
|
|
|a computer
|b c
|2 rdamedia
|
| 338 |
|
|
|a online resource
|b cr
|2 rdacarrier
|
| 490 |
0 |
|
|a Smithsonian Instn. Pub. No. 2653
|
| 490 |
0 |
|
|a Smithsonian Misc. Collections, Vol. 72, Art. 11
|
| 500 |
|
|
|a [On taxonomy]
|
| 500 |
|
|
|a Record is based on bibliographic data in ProQuest U.S. Executive Branch Documents, 1910-1932. Reuse except for individual research requires license from ProQuest, LLC.
|
| 533 |
|
|
|a Electronic reproduction.
|b [Bethesda, Md.] :
|c ProQuest,
|d 2012.
|e digital, PDF file.
|n ProQuest U.S. Executive Branch Documents, 1910-1932.
|n Mode of access: World Wide Web via ProQuest website.
|
| 538 |
|
|
|a System requirements: PDF reader software.
|
| 500 |
|
|
|a Electronic resource.
|
| 650 |
|
0 |
|a Echinodermata.
|0 http://id.loc.gov/authorities/subjects/sh85040701
|
| 655 |
|
7 |
|a Electronic books.
|2 local
|
| 700 |
1 |
|
|a Clark, Austin Hobart,
|d 1880-1954.
|0 http://id.loc.gov/authorities/names/no97055243
|
| 710 |
2 |
|
|a Smithsonian Institution.
|b Office of the Secretary.
|0 http://id.loc.gov/authorities/names/no2001090455
|
| 776 |
1 |
8 |
|i Microfiche version:
|t Echinoderms as aberrant arthropods
|d [Bethesda, Md.] : ProQuest,[2012]
|o CIS US Exec MF SI1.7-72.11
|w (ProQuest)cis19110160
|
| 856 |
4 |
0 |
|u http://proxy.library.tamu.edu/login?url=https://congressional.proquest.com/congressional/docview/t66.d71.si1.7-72.11
|z Connect to the full text of this electronic document
|t 0
|
| 999 |
f |
f |
|s c45ad35f-87e4-3d40-9650-44fbf7211f0c
|i ffa69442-9dd3-35b2-82dc-abca228cee6a
|t 0
|
| 952 |
f |
f |
|a Texas A&M University
|b College Station
|c Electronic Resources
|s www_evans
|d Available Online
|t 0
|h No information provided
|
| 998 |
f |
f |
|t 0
|l Available Online
|